LEADER 00840nam0-2200313---450- 001 990005646560403321 005 20110209131243.0 035 $a000564656 035 $aFED01000564656 035 $a(Aleph)000564656FED01 035 $a000564656 100 $a19990604d1953----km-y0itay50------ba 101 0 $aita 102 $aIT 105 $ay-------001yy 200 1 $a<>disturbi della personalità$fAntonio Miotto 210 $aMilano$cGarzanti$d1953 215 $a111 p.$d18 cm 610 0 $aPersonalità$aDisturbi 676 $a155.2 676 $a616.85 700 1$aMiotto,$bAntonio$f<1912?1997> 801 0$aIT$bUNINA$gREICAT$2UNIMARC 901 $aBK 912 $a990005646560403321 952 $aP.1 PG 807$bIT.ST.FIL. 4955$fFLFBC 959 $aFLFBC 996 $aDisturbi della personalità$9606223 997 $aUNINA LEADER 01132nam0 22003011i 450 001 SUN0024005 005 20050406120000.0 010 $a08-8133-554-1 100 $a20040917d1990 |0engc50 ba 101 $aeng 102 $aUS 105 $a|||| ||||| 200 1 $aPrinciples of communication engineering$fJohn M. Wozencraft, Irwin Mark Jacobs 210 $aNew York$cWiley$d1965 215 $aXV, 720 p.$d23 cm. 620 $aUS$dNew York$3SUNL000011 676 $a621.38$v21 700 1$aWozencraft$b, John McReynolds$3SUNV020084$0728941 701 1$aJacobs$b, Irwin M.$3SUNV020085$02107 712 $aWiley$3SUNV000201$4650 790 1$aJacobs, Irwin Mark$zJacobs, Irwin M.$3SUNV064926 790 1$aJacobs, I.M.$zJacobs, Irwin M.$3SUNV064927 790 1$aJacobs, I. M.$zJacobs, Irwin M.$3SUNV064928 801 $aIT$bSOL$c20201005$gRICA 912 $aSUN0024005 950 $aUFFICIO DI BIBLIOTECA DEL DIPARTIMENTO DI INGEGNERIA$d05CONS K V 057 $e05 2660 20040917 996 $aPrinciples of communication engineering$91432887 997 $aUNICAMPANIA